[Event "HCL-B002"]
[Site "www.playchess.de"]
[Date "2001.02.10"]
[Round "19"]
[White "Ulf"]
[Black "FireRook"]
[WhiteElo "1500"]
[BlackElo "1200"]
[PlyCount "82"]
[Result "1/2-1/2"]

1.e4 c5 2.Nf3 Nc6 3.d4 cxd4 4.Nxd4 e6 5.Be3 Nf6 
6.Nxc6 bxc6 7.Nd2 e5 8.f3 d5 9.Be2 Bd6 10.O-O O-O 
11.c3 Qc7 12.Bf2 Be6 13.c4 d4 14.Qc2 Nh5 15.c5 Nf4 
16.Rfe1 Be7 17.Bf1 Rfd8 18.Bg3 Bg5 19.Red1 d3 
20.Qc3 Ne2+ 21.Bxe2 dxe2 22.Bxe5 exd1Q+ 23.Rxd1 
Rxd2 24.Bxc7 Rxd1+ 25.Kf2 Rc1 26.Qa3 Rc2+ 27.Kg3 
Bc1 28.Bd6 g5 29.h3 Rxb2 30.Qc3 Bf4+ 31.Bxf4 gxf4+ 
32.Kh2 Rxa2 33.Qf6 Rc2 34.Qxf4 Rxc5 35.Qg3+ Kh8 
36.f4 Re8 37.f5 Bc4 38.Qd6 Rce5 39.Qf6+ Kg8 
40.Qg5+ Kh8 41.Qf6+ Kg8 1/2-1/2

[Event "HCL-B002"]
[Site "www.playchess.de"]
[Date "2001.02.10"]
[Round "21"]
[White "KherozeN"]
[Black "FireRook"]
[WhiteElo "1500"]
[BlackElo "1200"]
[PlyCount "44"]
[Result "0-1"]

1.c4 Nf6 2.Nf3 g6 3.g3 Bg7 4.Bg2 O-O 5.O-O d6 6.d3 
e5 7.Nc3 Be6 8.e4 c6 9.Be3 Nbd7 10.h3 d5 11.exd5 
cxd5 12.d4 e4 13.Ng5 Qe7 14.cxd5 Nxd5 15.Ngxe4 
Nxe3 16.fxe3 Nf6 17.Nc5 Bc4 18.Rf2 Qxe3 19.Qd2 
Qxg3 20.Qf4 Qxf4 21.Rxf4 Nh5 22.Nxb7 
Nxf4 0-1

[Event "HCL-A034"]
[Site "www.playchess.de"]
[Date "2001.02.11"]
[Round "5"]
[White "maze"]
[Black "ming"]
[WhiteElo "1915"]
[BlackElo "1400"]
[PlyCount "46"]
[Result "0-1"]

1.e4 e5 2.Nf3 d6 3.d4 exd4 4.Nxd4 Nf6 5.Nc3 c5 
6.Nf3 Qa5 7.Nd2 Bg4 8.f3 Be6 9.Nc4 Bxc4 10.Bxc4 
Nbd7 11.O-O Ne5 12.Bb5+ Nfd7 13.Nd5 Rc8 14.c4 a6 
15.Bxd7+ Kxd7 16.f4 Nxc4 17.b3 Nb6 18.Bd2 Qb5 
19.a4 Qd3 20.Nxb6+ Kd8 21.Nxc8 Kxc8 22.Re1 Qd4+ 
23.Kh1 Qf6 0-1

[Event "HCL-A045"]
[Site "www.playchess.de"]
[Date "2001.02.11"]
[Round "7"]
[White "DKCozy"]
[Black "michaeljohn"]
[WhiteElo "1772"]
[BlackElo "1700"]
[PlyCount "54"]
[Result "0-1"]

1.f4 Nf6 2.Nf3 g6 3.e3 Bg7 4.Nc3 c5 5.b3 O-O 6.Bb2 
Nc6 7.Bb5 d6 8.O-O Bd7 9.Qe1 Nb4 10.Bd3 Nfd5 
11.Bc4 Nxc3 12.dxc3 Nxc2 13.Qd2 Nxa1 14.Bxa1 Bc6 
15.Ng5 d5 16.Be2 e5 17.c4 d4 18.exd4 exd4 19.Bd3 
h6 20.Nf3 Bxf3 21.Rxf3 f5 22.b4 b6 23.Rf1 Re8 
24.a4 Qe7 25.b5 Qe3+ 26.Qxe3 Rxe3 27.Rd1 
a6 0-1

[Event "HCL-A050"]
[Site "www.playchess.de"]
[Date "2001.02.11"]
[Round "5"]
[White "Kaprije"]
[Black "Baur"]
[WhiteElo "1661"]
[BlackElo "1700"]
[PlyCount "22"]
[Result "0-1"]

1.g3 d5 2.Bg2 Nf6 3.d3 Bf5 4.Nf3 e6 5.O-O Bd6 
6.Nc3 c6 7.h3 Nbd7 8.Nh4 Bg6 9.e4 Bh5 10.Qe1 O-O 
11.f4 h6 0-1

[Event "HCL-A053"]
[Site "www.playchess.de"]
[Date "2001.02.11"]
[Round "11"]
[White "gambitfanatic"]
[Black "Lovec"]
[WhiteElo "1422"]
[BlackElo "1700"]
[PlyCount "39"]
[Result "1-0"]

1.d4 Nf6 2.Nf3 g6 3.Bg5 Bg7 4.e3 O-O 5.Bd3 d6 
6.O-O c5 7.c3 Qb6 8.Qc2 Bg4 9.Nbd2 Nbd7 10.h3 Bxf3 
11.Nxf3 d5 12.Ne5 Nxe5 13.dxe5 Nd7 14.Bxe7 Rfe8 
15.Bf6 Nxf6 16.exf6 Qxf6 17.Rfe1 Rad8 18.Rad1 a6 
19.e4 Qe5 20.exd5 1-0

[Event "HCL-A061"]
[Site "www.playchess.de"]
[Date "2001.02.11"]
[Round "1"]
[White "peze"]
[Black "Brrrr"]
[WhiteElo "1907"]
[BlackElo "1796"]
[PlyCount "57"]
[Result "1-0"]

1.e4 c5 2.Nf3 d6 3.d4 cxd4 4.Nxd4 Nf6 5.Nc3 a6 
6.Bg5 e6 7.f4 Be7 {I wish I knew the Poisoned Pawn 
well enough to play it! :-)}  8.Qf3 {Poisoned 
Pawn? e4 ? f4?}  Qc7 {The 'Poisoned Pawn' is 7.f4 
Qb6 8.Qd2 Qxb2 and is much analyzed, not easy for 
either side.}  9.O-O-O {Thanks}  Nbd7 10.g4 b5 
11.Bxf6 Nxf6 12.g5 Nd7 13.f5 Ne5 14.Qg3 Bd7 15.Bh3 
Qc4 16.Kb1 b4 17.Nce2 exf5 18.exf5 a5 19.Rhf1 Rc8 
20.f6 gxf6 21.gxf6 Bxh3 22.Qxh3 Bf8 23.Nf4 Rc7 
24.Rfe1 Rd7 25.Qg2 Qc8 26.Nc6 b3 {You are playing 
like a machine. :-)}  27.cxb3 {"no sweet without 
sweat"}  Qb7 28.Nd3 Be7 29.Qg7 1-0

[Event "HCL-B138"]
[Site "www.playchess.de"]
[Date "2001.02.11"]
[Round "9"]
[White "BOB"]
[Black "Eoin"]
[WhiteElo "1652"]
[BlackElo "1477"]
[PlyCount "21"]
[Result "1/2-1/2"]

1.e4 e6 2.d4 d5 3.Nc3 Nf6 4.Bg5 dxe4 5.Nxe4 Nbd7 
6.Nf3 h6 7.Bxf6 Nxf6 8.Nxf6+ Qxf6 9.c3 Bd6 10.Bd3 
O-O 11.O-O 1/2-1/2

[Event "HCL-C064"]
[Site "www.playchess.de"]
[Date "2001.02.11"]
[Round "4"]
[White "Mystery"]
[Black "rhonda202"]
[WhiteElo "1000"]
[BlackElo "913"]
[PlyCount "60"]
[Result "0-1"]

1.e4 e5 2.Nf3 Nc6 3.Nc3 Nf6 4.Bb5 a6 5.Ba4 b5 
6.Bb3 Bc5 7.O-O d6 8.d3 b4 9.Ne2 Ng4 10.h3 Nf6 
11.Re1 d5 12.exd5 Nxd5 13.Ng3 h5 14.Nxe5 Nxe5 
15.Rxe5+ Be6 16.Bxd5 h4 17.Nf5 Rg8 18.Bxa8 Qxa8 
19.Rxc5 g6 20.Qe1 gxf5 21.Qf1 Qa7 22.Be3 Bd7 
23.Rb5 Qa8 24.Rxb4 Bc6 25.f3 a5 26.Rxh4 Qb8 27.Qe1 
Qd8 28.Bg5+ Kd7 29.Bxd8 Kxd8 30.Qxa5 
Kd7 0-1

[Event "HCL-C096"]
[Site "www.playchess.de"]
[Date "2001.02.11"]
[Round "4"]
[White "Elz"]
[Black "ASLMB2004"]
[WhiteElo "1183"]
[BlackElo "1000"]
[PlyCount "23"]
[Result "1-0"]

1.e4 e6 2.d4 d5 3.Nd2 Ne7 4.Ngf3 f5 5.exd5 Nxd5 
6.Ne5 Qe7 7.Qh5+ Kd8 8.Nf7+ Kd7 9.Nxh8 g6 10.Nxg6 
hxg6 11.Qxg6 Nb4 12.Nc4 1-0

[Event "HCL-C097"]
[Site "www.playchess.de"]
[Date "2001.02.11"]
[Round "2"]
[White "Elz"]
[Black "Cruz"]
[WhiteElo "1255"]
[BlackElo "1000"]
[PlyCount "23"]
[Result "1-0"]

1.e4 c5 2.Nf3 Nf6 3.e5 Nd5 4.d4 cxd4 5.Nxd4 f6 
6.Nf5 fxe5 7.Qxd5 g6 8.Be2 Qb6 9.Qxe5 Nc6 10.Nd6+ 
Kd8 11.Qxh8 Qa5+ 12.Bd2 1-0

[Event "HCL-C146"]
[Site "www.playchess.de"]
[Date "2001.02.11"]
[Round "16"]
[White "Maz"]
[Black "dg"]
[WhiteElo "1000"]
[BlackElo "1223"]
[PlyCount "32"]
[Result "0-1"]

1.d4 e6 2.Nf3 b6 3.e3 Bb7 4.Nc3 Qf6 5.Be2 Bb4 6.a3 
Bxc3+ 7.bxc3 Nc6 8.O-O Nge7 9.Bb5 Na5 10.Ne5 c6 
11.Bd3 d6 12.Nf3 c5 13.c4 Bxf3 14.gxf3 Ng6 15.Kh1 
Nh4 16.Rg1 Nxf3 0-1

[Event "HCL-C150"]
[Site "www.playchess.de"]
[Date "2001.02.11"]
[Round "6"]
[White "WindsorStar"]
[Black "olaf"]
[WhiteElo "1000"]
[BlackElo "1000"]
[PlyCount "58"]
[Result "0-1"]

1.d4 d6 2.e3 Nc6 3.a3 Nf6 4.Qd3 Bg4 {i had some 
problems whit my pc}  5.h3 Bh5 6.g4 Bg6 7.Qd2 Ne4 
8.Qe2 e5 9.f3 {Hope everything is working OK for 
you}  Ng3 {it's all working}  10.Qh2 Nxh1 11.Qxh1 
Bxc2 12.Nc3 exd4 13.exd4 Qh4+ 14.Ke2 Bf5 15.gxf5 
{I will Be gone for two hours}  Nxd4+ {I come ago 
tomorow I must sleep it}  16.Kd2 Nb3+ 17.Kc2 Nxa1+ 
18.Kb1 Nb3 19.Nge2 c6 20.f4 Nxc1 21.Qe4+ Be7 
22.Nxc1 d5 23.Qe5 Qf6 24.Qc7 O-O 25.Qxb7 {good 
move}  Rab8 26.Qxa7 Qxc3 27.Qf2 {WOW}  Bxa3 {I 
can't play a new tour befor 8.03.2000 my e-mail 
nad14_2@lycos.de}  28.Ka2 Rxb2+ 29.Qxb2 Qxb2+ 
{sorry}  0-1

[Event "HCL-E013"]
[Site "www.playchess.de"]
[Date "2001.02.11"]
[Round "9"]
[White "edwardchess"]
[Black "Jeroen"]
[WhiteElo "1903"]
[BlackElo "2214"]
[PlyCount "40"]
[Result "1/2-1/2"]

1.d4 d6 2.Nf3 Nf6 3.Nc3 Nbd7 4.e4 c6 5.Be2 Qc7 
6.O-O e5 7.Re1 Be7 8.Be3 O-O 9.a4 Ng4 10.Bd2 d5 
11.dxe5 Bc5 12.Rf1 d4 13.Na2 Ngxe5 14.Bb4 Qd6 
15.Bxc5 Nxc5 16.Nxd4 Rd8 17.Nb3 Qf6 18.Qe1 Nxe4 
19.f4 Nd7 20.Qb4 Re8 1/2-1/2

[Event "HCL-E014"]
[Site "www.playchess.de"]
[Date "2001.02.11"]
[Round "20"]
[White "Tartan-Terror"]
[Black "Goofy"]
[WhiteElo "2158"]
[BlackElo "2122"]
[PlyCount "46"]
[Result "0-1"]

1.d4 Nf6 2.c4 c5 3.d5 e6 4.Nc3 exd5 5.cxd5 d6 
6.Nf3 g6 7.Nd2 Bg7 8.Nc4 O-O 9.Bf4 b6 10.e3 Ne8 
11.Qd2 Ba6 12.Ne4 Bxc4 13.Bxc4 Qe7 14.Nc3 a6 15.a4 
Nd7 16.O-O f5 17.Rac1 Ne5 18.Be2 Nc7 19.Rfd1 Rab8 
20.h3 b5 21.axb5 axb5 22.b4 cxb4 23.Nb1 
b3 0-1

[Event "HCL-E018"]
[Site "www.playchess.de"]
[Date "2001.02.11"]
[Round "3"]
[White "lubos"]
[Black "Merscheid"]
[WhiteElo "1920"]
[BlackElo "2289"]
[PlyCount "47"]
[Result "1/2-1/2"]

1.e4 e5 2.Nf3 Nf6 3.Nc3 Nc6 4.Bb5 Bc5 5.O-O O-O 
6.d3 Re8 7.Bg5 Nd4 8.Nxd4 Bxd4 9.Bxf6 Qxf6 10.Nd5 
Qd6 11.c3 c6 12.cxd4 cxd5 13.dxe5 Rxe5 14.Re1 b6 
15.Rc1 dxe4 16.Bc4 Bb7 17.dxe4 Qe7 18.f3 Re8 
19.Qd2 d5 20.Bb5 Rc8 21.exd5 Rxe1+ 22.Qxe1 Rxc1 
23.Qxc1 Bxd5 24.Qc8+ 1/2-1/2

[Event "ACL-A022"]
[Site "www.playchess.de"]
[Date "2001.02.11"]
[Round "6"]
[White "Roman"]
[Black "Utesch"]
[WhiteElo "1500"]
[BlackElo "1500"]
[PlyCount "96"]
[Result "0-1"]

1.e4 c5 2.c4 d6 3.Nf3 Bg4 4.d3 Bxf3 5.Qxf3 Nc6 
6.Nc3 g6 7.Bg5 Bg7 8.Qd1 Nf6 9.Be2 O-O 10.O-O a6 
11.Be3 e6 12.d4 cxd4 13.Bxd4 Nxd4 14.Qxd4 Nd5 
15.Qd3 Nxc3 16.bxc3 Qa5 17.Rab1 Rab8 18.Rb3 Qxa2 
19.Rfb1 Be5 20.R1b2 Qa5 21.g3 Rfd8 22.f4 Bf6 
23.Qe3 Qc7 24.R2b1 a5 25.R3b5 a4 26.Qa7 Rba8 
27.Qe3 a3 28.Kf2 Ra5 29.R5xb7 a2 30.Rxc7 axb1Q 
31.c5 dxc5 32.Rxc5 Rxc5 33.Qxc5 Qxe4 34.Qb4 Qxb4 
35.cxb4 Bd4+ 36.Kf3 Ra8 37.b5 Ra3+ 38.Kg2 Ra2 
39.Kf3 f5 40.g4 fxg4+ 41.Ke4 Rxe2+ 42.Kxd4 Rxh2 
43.b6 Rb2 44.Ke3 Rxb6 45.Ke4 Rb3 46.Ke5 g3 47.Kxe6 
g2 48.f5 g1Q 0-1

[Event "ACL-A048"]
[Site "www.playchess.de"]
[Date "2001.02.11"]
[Round "3"]
[White "Yogibear"]
[Black "COMETIN"]
[WhiteElo "1731"]
[BlackElo "830"]
[PlyCount "39"]
[Result "1-0"]

1.Nf3 d5 2.g3 f6 3.d4 Nc6 4.Bg2 e5 5.dxe5 fxe5 
6.O-O Nf6 7.c4 d4 8.Ng5 h6 9.Ne4 Bf5 10.Nbd2 d3 
11.Nxf6+ Qxf6 12.exd3 Bxd3 13.Ne4 Bxe4 14.Bxe4 Bc5 
15.Qh5+ Ke7 16.Be3 Bd4 17.Bxd4 Nxd4 18.f4 Ne6 
19.fxe5 Qg5 20.Qf7+ 1-0

[Event "ACL-A048"]
[Site "www.playchess.de"]
[Date "2001.02.11"]
[Round "17"]
[White "Yogibear"]
[Black "surftimm"]
[WhiteElo "1731"]
[BlackElo "1500"]
[PlyCount "37"]
[Result "1-0"]

1.Nf3 d5 2.g3 c5 3.Bg2 d4 4.d3 Nc6 5.O-O b5 6.Nxd4 
Bd7 7.Nxc6 Qc7 8.Nxe7 Bxe7 9.Bxa8 Nf6 10.Bf4 Bd6 
11.Bxd6 Qxd6 12.Bg2 O-O 13.c4 Re8 14.cxb5 Bxb5 
15.Nc3 a6 16.Nxb5 axb5 17.e3 c4 18.dxc4 Qb4 
19.Bc6 1-0

[Event "ACL-A070"]
[Site "www.playchess.de"]
[Date "2001.02.11"]
[Round "19"]
[White "Mr_Arnaud"]
[Black "DaveM"]
[WhiteElo "1240"]
[BlackElo "1500"]
[PlyCount "33"]
[Result "1/2-1/2"]

1.e4 c5 2.Nf3 Nc6 3.d4 cxd4 4.Nxd4 e5 5.Nb5 a6 
6.N5c3 Be7 7.Bc4 Nf6 8.O-O O-O 9.Be3 d6 10.a4 Be6 
11.Nd2 Rc8 12.Qe2 Nb4 {too early for draw}  13.Bd3 
Nxd3 14.cxd3 d5 15.d4 Nxe4 16.Ndxe4 {Are you 
really sure of it}  dxe4 {yes-still early}  
17.Rfd1 {the sacrifice should give me the draw!And 
very easily!!!!}  1/2-1/2

[Event "ACL-A078"]
[Site "www.playchess.de"]
[Date "2001.02.11"]
[Round "1"]
[White "Hermi"]
[Black "Buziness"]
[WhiteElo "2107"]
[BlackElo "1500"]
[PlyCount "43"]
[Result "1-0"]

1.d4 d5 2.c4 dxc4 3.e4 b5 4.a4 c6 5.Nc3 Qa5 6.Bd2 
b4 7.Na2 e6 8.Bxc4 c5 9.Qc2 Nc6 10.Nf3 cxd4 11.Bb5 
Bd7 12.Bxc6 Rc8 13.Bxd7+ Kxd7 14.Qd3 e5 15.O-O f6 
16.Rfc1 Bc5 17.Nxd4 Bxd4 18.Qh3+ Ke7 19.Qxc8 Bxb2 
20.Rc6 Bxa1 21.Re6+ Kf7 22.Qe8+ 1-0

[Event "ACL-A084"]
[Site "www.playchess.de"]
[Date "2001.02.11"]
[Round "6"]
[White "stud"]
[Black "Brent"]
[WhiteElo "1500"]
[BlackElo "1500"]
[PlyCount "43"]
[Result "1/2-1/2"]

1.e4 {gl 2 u}  e5 2.Nf3 Nc6 3.Bc4 d6 4.d3 Be6 
5.Bxe6 fxe6 6.O-O b5 7.a4 b4 8.c3 a5 9.Be3 Be7 
10.Qd2 Nf6 11.h3 O-O 12.Nh2 h6 13.f4 exf4 14.Rxf4 
e5 15.Rh4 Rb8 16.Bxh6 gxh6 17.Qxh6 Kf7 18.Nf3 Ng8 
19.Qh7+ Ke8 20.Qg6+ Kd7 21.Rh7 Nf6 
22.Qf5+ 1/2-1/2

[Event "ACL-A083"]
[Site "www.playchess.de"]
[Date "2001.02.11"]
[Round "3"]
[White "stud"]
[Black "Brent"]
[WhiteElo "1500"]
[BlackElo "1500"]
[PlyCount "45"]
[Result "1-0"]

1.e4 c5 2.Nf3 d6 3.g3 Nf6 4.c3 Nxe4 5.Qa4+ {missed 
that?}  Nc6 {yup}  6.Qxe4 g6 7.d4 cxd4 8.cxd4 Bg7 
9.Nc3 Bf5 10.Qe3 O-O 11.Bg2 Qb6 12.O-O Nxd4 13.Nd5 
Qc5 14.Nxe7+ Kh8 15.Nxd4 Qxd4 16.Qxd4 Bxd4 17.Nxf5 
gxf5 18.Bh3 Rfe8 19.Bxf5 Re2 20.Rb1 Rae8 21.Bg4 
R2e1 22.Bf4 Rxf1+ 23.Kxf1 1-0

[Event "ACL-A084"]
[Site "www.playchess.de"]
[Date "2001.02.11"]
[Round "15"]
[White "Hefley"]
[Black "man"]
[WhiteElo "1500"]
[BlackElo "1500"]
[PlyCount "29"]
[Result "1-0"]

1.e4 e5 2.Nf3 Nc6 3.Bc4 Be7 {first time ive tried 
this opening}  4.d3 d6 5.O-O Be6 6.Bxe6 fxe6 7.Be3 
Nf6 8.Nbd2 O-O 9.c3 h6 10.h3 Nh7 11.b4 Bg5 12.Nxg5 
Nxg5 13.b5 Ne7 14.Bxg5 hxg5 15.Qh5 1-0

[Event "HCL-C159"]
[Site "www.playchess.de"]
[Date "2001.02.11"]
[Round "18"]
[White "Stef"]
[Black "uneek"]
[WhiteElo "1000"]
[BlackElo "1191"]
[PlyCount "54"]
[Result "0-1"]

1.d4 Nf6 {Hello, Good Luck and a virtual 
handshake....}  2.e3 g6 3.Nc3 Nc6 4.Nh3 d5 5.a4 
Bxh3 6.gxh3 Bg7 7.b3 O-O 8.Bg2 e6 9.O-O a6 10.Ba3 
Re8 11.Qd3 e5 12.f4 exd4 13.exd4 Ne7 14.Rfe1 Nf5 
15.Bb2 c6 16.Re5 Qc7 17.Rae1 Qd7 18.Ba3 Nh5 19.Qe2 
Bxe5 20.fxe5 Nf4 21.Qf3 Ne6 22.a5 Nfxd4 23.Rf1 
Nxf3+ 24.Bxf3 Nd4 25.Bd1 Qxh3 {That is a attempt 
at humor, right?}  26.Bf3 {i've nothing to lose? 
the offer doesn't cost a thing}  Nxf3+ {Well, no 
cost but it is considered bad form when the 
positopn is so far from equal.}  27.Kh1 {i didn't 
know that. so please excuse me. i'm still 
learning}  Qxf1+ {Not a Problem!  :)} 
 0-1

[Event "HCL-B160"]
[Site "www.playchess.de"]
[Date "2001.02.11"]
[Round "1"]
[White "King_Safety"]
[Black "pird"]
[WhiteElo "1269"]
[BlackElo "1498"]
[PlyCount "44"]
[Result "0-1"]

1.d4 {Greetings from Canada. Good luck in the 
tournament.}  f5 2.Nf3 Nf6 3.Bf4 g6 4.e3 Bg7 5.h3 
O-O 6.Bc4+ Kh8 7.Nbd2 d6 8.O-O Qe8 9.c3 Nfd7 10.e4 
fxe4 11.Nh4 Rxf4 12.g3 Rf8 13.Nxe4 Nb6 14.Bb3 Bxh3 
15.Re1 Bd7 16.Nf3 Bg4 17.Neg5 Bh6 18.Ne6 Bxf3 
19.Qd3 Rf5 20.Nxc7 Qc6 21.Nxa8 Rh5 22.Re3 
Rh1+ 0-1

[Event "HCL-B162"]
[Site "www.playchess.de"]
[Date "2001.02.11"]
[Round "12"]
[White "iq160"]
[Black "pird"]
[WhiteElo "998"]
[BlackElo "1498"]
[PlyCount "53"]
[Result "1-0"]

1.e4 c6 2.d4 d5 3.exd5 cxd5 4.c4 Nf6 5.Nc3 e6 
6.Nf3 Bb4 7.cxd5 Nxd5 8.Bd2 Nc6 9.Bd3 Be7 10.O-O 
Ndb4 11.Bb5 O-O 12.a3 Nd5 13.Qc2 Nxc3 14.bxc3 Bd7 
15.Bd3 h6 16.Bf4 Rc8 17.Rab1 Bxa3 18.Qa2 Be7 
19.Rxb7 a5 20.Re1 Ra8 21.Qd2 a4 22.Bxh6 {good luck 
with that!}  gxh6 23.Qxh6 {good sac?}  f5 24.Rxd7 
Qxd7 25.Rxe6 Bf6 26.Bc4 Rf7 27.Rxf6 1-0

[Event "HCL-A071"]
[Site "www.playchess.de"]
[Date "2001.02.11"]
[Round "24"]
[White "BerndS"]
[Black "Rifleman"]
[WhiteElo "1736"]
[BlackElo "1678"]
[PlyCount "37"]
[Result "1-0"]

1.d4 d5 2.c4 dxc4 3.Nf3 Nf6 4.e3 e6 5.Bxc4 c5 
6.Qe2 a6 7.O-O Nc6 8.Nc3 b5 9.Bb3 cxd4 10.Rd1 Qb6 
11.exd4 Be7 12.d5 exd5 13.Nxd5 Nxd5 14.Bxd5 Bb7 
15.Ng5 O-O 16.Be3 Qc7 17.Rac1 Rfe8 18.Bxf7+ Kf8 
19.Ne6+ 1-0

[Event "HCL-B166"]
[Site "www.playchess.de"]
[Date "2001.02.11"]
[Round "6"]
[White "pird"]
[Black "AD"]
[WhiteElo "1498"]
[BlackElo "1657"]
[PlyCount "37"]
[Result "1-0"]

1.e4 e5 2.Nc3 Nf6 3.g3 a6 4.Bg2 Nc6 5.Nge2 h6 
6.O-O Bd6 7.f4 exf4 8.Nxf4 Bxf4 9.Rxf4 O-O 10.d4 
d6 11.Be3 Bd7 12.Qd2 Na5 13.b3 Re8 14.Raf1 Re7 
15.Rh4 Kh7 16.Bxh6 Ng4 17.Bxg7+ Kxg7 18.Qg5+ Kf8 
19.Rh8+ 1-0

[Event "HCL-A073"]
[Site "www.playchess.de"]
[Date "2001.02.11"]
[Round "24"]
[White "oiram"]
[Black "Blunderer"]
[WhiteElo "1700"]
[BlackElo "1945"]
[PlyCount "20"]
[Result "0-1"]

1.e4 {good luck}  c6 2.d4 d5 {Good Luck to you 
too}  3.exd5 cxd5 4.Nf3 Bf5 5.Bb5+ Nd7 6.O-O Ngf6 
7.Bg5 a6 8.Bxf6 gxf6 9.Bd3 Bg6 10.Nc3 
e6 0-1

[Event "HCL-B166"]
[Site "www.playchess.de"]
[Date "2001.02.11"]
[Round "14"]
[White "Fabian"]
[Black "AD"]
[WhiteElo "1449"]
[BlackElo "1657"]
[PlyCount "63"]
[Result "1-0"]

1.d4 {hello and good luck!}  d5 {Hello Fabian, 
thanks for the kind words. Heres to a good game!!} 
 2.c4 dxc4 3.Nf3 h6 4.e3 b5 5.a4 c6 6.axb5 cxb5 
7.b3 Bg4 8.bxc4 bxc4 9.Bxc4 Nf6 10.Bb5+ Nbd7 
11.Nbd2 e6 12.Qa4 Be7 13.Ne5 h5 14.Ndc4 O-O 
15.Nxd7 Nxd7 16.Bxd7 Qc7 17.Bc6 Rac8 18.Ne5 Bd6 
19.Ba3 Rfd8 20.Bxd6 Qxd6 21.O-O Rcb8 22.Nxg4 hxg4 
23.g3 Rdc8 24.Rfc1 f5 25.Qxa7 Rb2 26.Bd7 Rxc1+ 
27.Rxc1 Qb4 28.Bxe6+ Kh7 29.Bxf5+ Kh6 30.Rc6+ g6 
31.Rxg6+ Kh5 32.Qh7+ 1-0

[Event "ACL-A093"]
[Site "www.playchess.de"]
[Date "2001.02.11"]
[Round "2"]
[White "Scaleo"]
[Black "patzer"]
[WhiteElo "1500"]
[BlackElo "1500"]
[PlyCount "56"]
[Result "0-1"]

1.e4 e5 2.Nf3 Nc6 3.Bb5 Nf6 4.O-O Nxe4 5.d4 Nd6 
6.Bxc6 dxc6 7.dxe5 Nf5 8.Qxd8+ Kxd8 9.Nc3 Ke8 
10.h3 Bb4 11.Ne4 Be6 12.g4 {too early}  Ne7 {it´s 
okay...}  13.c3 Bd5 14.Re1 Bxe4 15.Rxe4 Ba5 16.Bg5 
Rd8 17.Nd4 g6 18.e6 Rf8 19.Rae1 {it is win}  f6 
20.Bh6 Rg8 21.g5 f5 22.R4e3 Bb6 23.Rd3 c5 24.Nf3 
Rxd3 {to late}  25.Ne5 Rxh3 26.Nd7 Rd3 27.Nf6+ Kd8 
28.Nxg8 Nxg8 0-1

[Event "ACL-A093"]
[Site "www.playchess.de"]
[Date "2001.02.11"]
[Round "3"]
[White "malkawi2000"]
[Black "Scaleo"]
[WhiteElo "1500"]
[BlackElo "1500"]
[PlyCount "36"]
[Result "1/2-1/2"]

1.e4 c5 2.Nf3 Nc6 3.d4 cxd4 4.Nxd4 Nf6 5.Nc3 e5 
6.Ndb5 d6 7.Bg5 a6 8.Na3 b5 9.Nd5 Be7 10.Bxf6 Bxf6 
11.c3 Ne7 12.Nc2 O-O 13.Nce3 Bg5 14.Nxe7+ Bxe7 
15.Nd5 {no draw}  Be6 {not yet}  16.Be2 f5 {why?}  
17.exf5 {the game is draw}  Bxf5 {i had bishops 
and advance in the developpment}  18.Bg4 
Bg5 1/2-1/2

[Event "ACL-A093"]
[Site "www.playchess.de"]
[Date "2001.02.11"]
[Round "16"]
[White "peze2"]
[Black "patzer"]
[WhiteElo "2014"]
[BlackElo "1500"]
[PlyCount "49"]
[Result "1-0"]

1.c4 c5 2.Nc3 Nc6 3.g3 g6 4.Bg2 Bg7 5.a3 a6 6.Rb1 
Nf6 7.b4 cxb4 8.axb4 O-O 9.d3 d6 10.Bd2 Be6 11.Nf3 
Qc7 12.O-O Bg4 13.Qc1 Bxf3 14.Bxf3 e6 15.Bg2 Ne5 
16.c5 d5 17.Bf4 d4 18.Na4 Ra7 19.Nb6 Nh5 20.Bxe5 
Bxe5 21.Nc4 Bg7 22.Nd6 Qe7 23.b5 Rb8 24.b6 {Tb8??  
...die Waage beginnt sich zu neigen!}  Raa8 {Hier 
geht leider nichts mehr! Meine Aufgabe folgt 
sofort - Gratuliere !!!}  25.Nxb7 {Ich danke Dir. 
Bis bald! Gruß Peter}  1-0

[Event "ACL-A093"]
[Site "www.playchess.de"]
[Date "2001.02.11"]
[Round "18"]
[White "peze2"]
[Black "Scaleo"]
[WhiteElo "2014"]
[BlackElo "1500"]
[PlyCount "23"]
[Result "1-0"]

1.c4 Nf6 2.Nc3 e6 3.d4 Bb4 4.Qc2 c5 5.dxc5 Nc6 
6.Nf3 Bxc5 7.Bg5 Qb6 8.e3 Nb4 9.Qd1 d5 {Draw?}  
10.a3 {be early for draw! Sorry!}  Nc6 11.Bxf6 
gxf6 12.cxd5 {No draw! I will win the game.} 
 1-0

[Event "HCL-C176"]
[Site "www.playchess.de"]
[Date "2001.02.11"]
[Round "16"]
[White "patzer"]
[Black "Translightor"]
[WhiteElo "715"]
[BlackElo "1426"]
[PlyCount "39"]
[Result "1/2-1/2"]

1.e4 {Neues Spiel, neues Glück!}  c5 {Diesmal 
läuft's bestimmt besser für Dich!}  2.Nf3 {Ich 
hoffe es...}  e6 {So schlecht kannst Du doch gar 
nicht sein - immerhin ein Remis gegen dg 
geschafft!}  3.d4 {Solange ich paar Züge 
auswenidig kenne geht das noch. Mache trotzdem oft 
Fehler.}  cxd4 {Da gibt's 2 Möglichkeiten: länger 
überlegen oder Bücher kaufen! Ich weiß sehr wenig 
auswendig.}  4.Nxd4 {Ich habe ein Eröffnungsbuch 
mit Programm (Fritz6) aber länger überlegen würde 
bestimmt nicht schaden}  a6 {Vor allem immer 
gucken, was der Gegner drohen könnte!}  5.Nc3 
{Meinst du es wäre für mich nützlich in den ACL 
Turnieren mit Computerunterstützung zu spielen?}  
b5 {Bestimmt. Gemeinsam mit Fritz bist Du 
stärker!}  6.a3 Bb7 7.Be2 d6 8.O-O Qc7 9.Bf3 
{Kannst wohl auch nicht schlaffen? :)}  Nf6 {Ich 
gewinne doch im Schlaf !!! Nein, ich gehe oft 
etwas später zu Bett.}  10.Bg5 Be7 11.Bxf6 Bxf6 
12.Ndxb5 {Mit diesem Zug las ich dich alleine. 
Gute nacht und bis dann...}  axb5 {Vielleicht bin 
in dieser Partie ICH der Patzer...}  13.Nxb5 {Oder 
ich hab mal wieder einen völligen Blackout...}  
Qb6 14.Nxd6+ Ke7 15.e5 Bxe5 {So, bin wieder da. 
Wünsche einen spannenden Abend!}  16.Bxb7 {Dank 
dir! Konnte gestern aber nicht mehr ziehen. Heute 
bin ich dafür den ganzen Tag daheim...}  Ra7 {Und 
ich besuche heute eine Freundin in Berlin. Bin 
gerade im Internet-Café, bis der Film anfängt.}  
17.Nc8+ {Dann wünsche ich noch viel Spaß!}  Rxc8 
{Schönen Sonntagabend. Ab Morgen spiele ich wieder 
auf eigenem Rechner.}  18.Bxc8 Rc7 19.Bxe6 fxe6 
20.c3 1/2-1/2

[Event "HCL-C176"]
[Site "www.playchess.de"]
[Date "2001.02.11"]
[Round "19"]
[White "Stef"]
[Black "patzer"]
[WhiteElo "1144"]
[BlackElo "715"]
[PlyCount "28"]
[Result "0-1"]

1.Nc3 Nc6 2.e4 e5 3.Nf3 Nf6 4.Bd3 Bc5 5.O-O O-O 
6.a3 a6 7.h4 b5 8.g3 Bb7 9.a4 b4 10.Ne2 d5 11.exd5 
Qxd5 12.Kg2 Qxf3+ 13.Kxf3 Nd4+ 14.Ke3 
Ng4+ 0-1

[Event "ACL-A022"]
[Site "www.playchess.de"]
[Date "2001.02.11"]
[Round "1"]
[White "freddy"]
[Black "chessss"]
[WhiteElo "1500"]
[BlackElo "1100"]
[PlyCount "50"]
[Result "0-1"]

1.d4 Nf6 2.c4 c5 3.Nf3 g6 4.b3 a6 5.g3 Bg7 6.a3 
O-O 7.h4 h5 8.b4 cxd4 9.Bb2 d6 10.Nbd2 e5 11.Rc1 
Bf5 12.Rg1 e4 13.Nxd4 Qd7 14.c5 Ng4 15.f3 exf3 
16.Bh3 f2+ 17.Kf1 Ne3+ 18.Kxf2 Nxd1+ 19.Rcxd1 Bxh3 
20.e4 dxc5 21.N4b3 Bxb2 22.Nxc5 Bd4+ 23.Ke1 Bxc5 
24.bxc5 Qd3 25.Rh1 Qe3+ 0-1

[Event "ACL-A022"]
[Site "www.playchess.de"]
[Date "2001.02.11"]
[Round "2"]
[White "Roman"]
[Black "freddy"]
[WhiteElo "1500"]
[BlackElo "1500"]
[PlyCount "25"]
[Result "1-0"]

1.e4 a5 2.Nc3 c5 3.d4 Na6 4.Nf3 b6 5.Bc4 b5 6.Bxb5 
f6 7.dxc5 e5 8.Nxe5 fxe5 9.Qh5+ g6 10.Qxe5+ Ne7 
11.Qxh8 Rb8 12.Bh6 Qc7 13.Qxf8+ 1-0

[Event "ACL-A022"]
[Site "www.playchess.de"]
[Date "2001.02.11"]
[Round "3"]
[White "chessss"]
[Black "Roman"]
[WhiteElo "1100"]
[BlackElo "1500"]
[PlyCount "36"]
[Result "0-1"]

1.e4 e5 2.Nf3 Nc6 3.Bc4 Bc5 4.c3 Nf6 5.d4 exd4 
6.cxd4 Bb4+ 7.Nc3 Nxe4 8.O-O Bxc3 9.bxc3 d5 10.Bb5 
O-O 11.Ba3 Nxc3 12.Qd3 Nxb5 13.Bxf8 Nbxd4 14.Nxd4 
Qxf8 15.Nxc6 bxc6 16.Rfc1 Qd6 17.Qc3 Bd7 18.Rab1 
c5 0-1